Fr. Conceicao Rodrigues College of Engineering

Industrial Electrical System (Record no. 30881)

MARC details
000 -LEADER
fixed length control field 00264nam a2200133Ia 4500
100 ## - MAIN ENTRY--PERSONAL NAME
Personal name Power
245 ## - TITLE STATEMENT
Title Industrial Electrical System
260 ## - PUBLICATION, DISTRIBUTION, ETC.
Name of publisher, distributor, etc. McGraw Hill
Date of publication, distribution, etc. 2001
300 ## - PHYSICAL DESCRIPTION
Extent 351
546 ## - LANGUAGE NOTE
Language note ENGLISH
650 ## - SUBJECT ADDED ENTRY--TOPICAL TERM
Topical term or geographic name entry element Chemistry
942 ## - ADDED ENTRY ELEMENTS (KOHA)
Koha item type BOOK
Holdings
Withdrawn status Lost status Damaged status Not for loan Collection Home library Current library Date acquired Total Checkouts Full call number Barcode Date last seen Price effective from Koha item type
        AFT Fr. Agnel's C.Rodrigues College of Engineering Fr. Agnel's C.Rodrigues College of Engineering 17/03/2023   AFT591 17/03/2023 17/03/2023 BOOK